Od veľkého priemyslu k podnikateľom partner ZPS: IMB Inštitút pre výchovu vedúcich pracovníkov
Výdavky kryje príjmami zo vzdelávacej činnosti (bývalý Inštitút Slovchémie). Súčasné vzdelávacie aktivity pre podnikateľov malých a stredných podnikov, semináre, kurzy. Spolupráca so Združením podnikateľov Slovenska (ZPS) a zahraničnými partnermi z Holandska, SRN a Nórska.
Salvato in:
| Natura: | Capitolo di libro |
|---|---|
| Lingua: | slovacco |
| Soggetti: | |
| Tags: |
Nessun Tag, puoi essere il primo ad aggiungerne!!
|
MARC
| LEADER | 00000naa a2200000 4500 | ||
|---|---|---|---|
| 001 | r012693 | ||
| 005 | 20220826092822.3 | ||
| 041 | 0 | |a slo | |
| 044 | |a SK | ||
| 245 | 1 | 0 | |a Od veľkého priemyslu k podnikateľom |b partner ZPS: IMB Inštitút pre výchovu vedúcich pracovníkov |
| 520 | |a Výdavky kryje príjmami zo vzdelávacej činnosti (bývalý Inštitút Slovchémie). Súčasné vzdelávacie aktivity pre podnikateľov malých a stredných podnikov, semináre, kurzy. Spolupráca so Združením podnikateľov Slovenska (ZPS) a zahraničnými partnermi z Holandska, SRN a Nórska. | ||
| 610 | 2 | 0 | |a manažéri |
| 610 | 2 | 0 | |a pracovníci vedúci |
| 610 | 2 | 0 | |a vzdelávanie |
| 610 | 2 | 0 | |a kurzy |
| 610 | 2 | 0 | |a semináre |
| 610 | 2 | 0 | |a IMB - Inštitút pre výchovu vedúcich pracovníkov, š.p. Bratislava |
| 610 | 2 | 0 | |a Združenie podnikateľov Slovenska |